Nghiên cứu Tài chính Kế toán

में बचाया:
ग्रंथसूची विवरण
स्वरूप: पुस्तक
भाषा:Undetermined
प्रकाशित: Hà Nội Bộ Tài chính - Học Viện tài chính
विषय:
टैग : टैग जोड़ें
कोई टैग नहीं, इस रिकॉर्ड को टैग करने वाले पहले व्यक्ति बनें!
Thư viện lưu trữ: Trung tâm Học liệu Trường Đại học Cần Thơ
LEADER 00564nam a2200157Ia 4500
001 CTU_229234
008 210402s9999 xx 000 0 und d
082 |a 657 
082 |b Ngh305 
245 0 |a Nghiên cứu Tài chính Kế toán 
245 0 |c Bộ Tài chính - Học Viện tài chính = Academy of finance 
260 |a Hà Nội 
260 |b Bộ Tài chính - Học Viện tài chính 
650 |a Managerial accounting,Quản trị tài chính 
904 |i T.Trang 
980 |a Trung tâm Học liệu Trường Đại học Cần Thơ